A házastársi vagyonközösség

Elmentve itt :
Bibliográfiai részletek
Szerző: Busai György
További közreműködők: Tóthné Dr. Fábián Eszter (Témavezető)
Dokumentumtípus: Szakdolgozat
Megjelent: 1998
Tárgyszavak:
Online Access:http://diploma.bibl.u-szeged.hu/24550
LEADER 00552nta a2200157 i 4500
001 dipl24550
005 20130314082753.0
008 110816s1998 hu om 0|| zxx d
040 |a SZTE Diploma Repozitórium  |b hun 
041 |a zxx 
100 1 |a Busai György 
245 1 2 |a A házastársi vagyonközösség  |h [elektronikus dokumentum] /  |c György Busai 
260 |c 1998 
650 4 |a Jogi és igazgatási tanulmányok 
700 2 |a Tóthné Dr. Fábián Eszter  |e ths 
856 4 0 |u http://diploma.bibl.u-szeged.hu/id/eprint/24550/1/1998_busai_gyorgy.pdf  |z Dokumentum-elérés